000 00650nam a2200229 a 4500
999 _c3383
_d3383
001 3383
003 BD-JhCC
005 20171113132104.0
008 171105s1997 bg |||| |||| 000 0 ben d
020 _a9845552714
035 _a(BD-JhCC)3383
040 _aBD-JhCC
_dBD-JhCC
041 _aben
082 _a891.4415
_bISL 1997
100 _aইসলাম, কাজী নজরুল
245 _aঝড় /
_cকাজী নজরুল ইসলাম
260 _aঢাকা :
_bনজরুল ইন্সটিটিউট,
_c1997.
300 _a79 p. :
_c21 cm.
650 _aBengali Poetry
942 _2ddc
_cBK